KOHA-Header-6

Shahi Mehal (Record no. 8923)

000 -LEADER
fixed length control field 00250nam a2200109Ia 4500
100 ## - MAIN ENTRY--AUTHOR NAME
Personal name Dr,Mubarak Ali
245 #0 - TITLE STATEMENT
Title Shahi Mehal
260 ## - PUBLICATION, DISTRIBUTION, ETC. (IMPRINT)
Place of publication Delhi
Name of publisher Addison -Wesley
Year of publication 1985
300 ## - PHYSICAL DESCRIPTION
Number of Pages 323
942 ## - ADDED ENTRY ELEMENTS (KOHA)
Koha item type Books
Holdings
Withdrawn status Lost status Collection code Permanent Location Current Location Shelving location Date acquired Full call number Accession Number Koha item type
    Urdu Literature MAJU MAJU   2019-09-14 891.439 4082 Urdu Literature

Powered by Koha